| 000 | 00952nam a2200241 a 4500 | ||
|---|---|---|---|
| 001 | 40067 | ||
| 003 | BD-RjUL | ||
| 005 | 20211209053128.0 | ||
| 008 | 160421s1981 bg |||| b||| 00| 0 ben d | ||
| 020 | _c: Tk. 10.00 | ||
| 035 | _a(BD-RjUL)40182 | ||
| 040 |
_aBD-RjUL _bben _cBD-RjUL |
||
| 041 | _aben | ||
| 082 |
_223 _a297.082 _bQUI 1981 |
||
| 100 |
_aকাদের, এম, আবদুল _9123381 |
||
| 245 | 1 | 0 |
_aইসলাম ও নারী সমস্যা / _cএম, আবদুল কাদের |
| 260 |
_aঢাকা : _bইসলামিক ফাউন্ডেশন বাংলাদেশ, _c১৯৮১ |
||
| 300 |
_a[৬] ৯৬ পৃ. ; _c২৩ সেমি. |
||
| 504 | _aগ্রন্থপঞ্জি সংযুক্ত | ||
| 650 |
_aইসলাম _vনারী _xধর্মীয় দৃষ্টিভঙ্গি _9123382 |
||
| 650 |
_aIslam _vWomen _xReligious aspects _9123383 |
||
| 942 |
_2ddc _cBK |
||
| 999 |
_c40067 _d40067 |
||